00000000nam 2200000zi 4500
0019.944736
003CaOODSP
00520250127105818
006m     o  d f      
007cr mn|||||||||
008241031t20252025quc     o    f000 0 eng d
020 |a9780660742847
040 |aCaOODSP|beng|erda|cCaOODSP
0861 |aEm4-47/2024E-PDF
24500|aReport summary : |badapting a vulnerability lens in the crisis response / |cStrategic and Service Policy Branch.
264 1|a[Gatineau, Québec] : |bEmployment and Social Development Canada = Emploi et développement social Canada, |c2025.
264 4|c©2025
300 |a1 online resource (5 pages)
336 |atext|btxt|2rdacontent
337 |acomputer|bc|2rdamedia
338 |aonline resource|bcr|2rdacarrier
500 |aIssued also in French under title: Résumé de rapport : adopter une optique de la vulnérabilité en situation de crise.
650 0|aPeople with social disabilities|xServices for.
650 0|aCOVID-19 Pandemic, 2020-2023.
7101 |aCanada. |bEmployment and Social Development Canada. |bStrategic and Service Policy Branch, |eissuing body.
77508|tRésumé de rapport : |w(CaOODSP)9.944738
85640|qPDF|s267 KB|uhttps://publications.gc.ca/collections/collection_2025/edsc-esdc/Em4-47-2024-eng.pdf
8564 |qHTML|sN/A|uhttps://www.canada.ca/en/employment-social-development/corporate/reports/research/adapting-vulnerability-lens-crisis-response.html